000 00531nam a22002297a 4500
003 UA-OsUOA
001 42456
007 ta
008 20061106b un ||||| |||| 00| 0 ukr d
090 _a084
942 _cBK
040 _aUA-OsUOA
_beng
_cUA-OsUOA
_dUA-OsUOA
245 _aChildren and the sea
300 _a109 с.
955 _a2
041 _aeng
080 _a084
020 _a966-95585-5-7
260 _aК.
_bKarbon
_c2005
650 7 _a08 Видання. Колективні праці
_2UDC
999 _c328594
_d328594